00664 2200193 4500001002100000005001500021035002000036007000300056008004100059020002200100082001200122084001800134100001800152245012200170250002800292260003800320300004600358650006600404INLIS00000000000091120250226074449 a0010-0225000086ta250226 g 0 ind  a978-602-350-056-7 a808.882 a808.882 HIS i0 aHiskia Achmad1 aIlmuwan Harus Jujur :bAnekdot-Anekdot Dunia Kimia /cHiskia Achmad (Penulis); Lubna Baradja; Hermawan Aksan (Editor) aCetakan I, januari 2016 aBandung :bNuansa Cendikia,c2016 a160 Halaman :bIlustrasi; teks ;c24,4 cm 4aAnekdot, satir, dsb. Kimia - Studi dan pengajaran Fiksi sains